|
|
|
|
| LEADER |
01404nam a2200361 a 4500 |
| 001 |
36056 |
| 003 |
BD-DhAAL |
| 005 |
20211206131117.0 |
| 008 |
200305r20052004caua b 001 0 eng d |
| 999 |
|
|
|c 42304
|d 42304
|
| 010 |
|
|
|a 2003115418
|
| 020 |
|
|
|a 1412901359
|
| 020 |
|
|
|a 1412901367 (pbk)
|
| 020 |
|
|
|a 9781412901369
|
| 035 |
|
|
|a (DLC) 2003115418
|
| 040 |
|
|
|a DLC
|c DLC
|d DLC
|d BD-DhAAL
|
| 042 |
|
|
|a pcc
|
| 050 |
0 |
0 |
|a LB3013
|b .D75 2004
|
| 082 |
0 |
0 |
|a 370.1528
|2 22
|
| 100 |
1 |
|
|a Drifte, Collette.
|9 39821
|
| 245 |
1 |
0 |
|a Encouraging positive behaviour in the early years :
|b a practical guide /
|c Collette Drifte.
|
| 260 |
|
|
|a Thousand Oaks, CA :
|b Paul Chapman Publishing,
|c c2004 [reprinted 2005].
|
| 300 |
|
|
|a xiv, 98 pages ;
|b illustrations ;
|c 30 cm.
|
| 504 |
|
|
|a Includes bibliographical references (page 97) and index.
|
| 526 |
|
|
|a BIED
|
| 541 |
|
|
|a Complimentary copy from BIED
|e 36056
|
| 650 |
|
0 |
|a Classroom management.
|9 39822
|
| 650 |
|
0 |
|a Behavior modification.
|9 39823
|
| 650 |
|
0 |
|a Preschool children
|x Psychology.
|9 39824
|
| 650 |
|
0 |
|a Problem children
|x Education (Preschool)
|9 39825
|
| 852 |
|
|
|a Ayesha Abed Library
|c BIED Collection
|
| 942 |
|
|
|2 ddc
|c BK
|
| 952 |
|
|
|0 0
|1 0
|2 ddc
|4 0
|6 370_152800000000000_DRI
|7 0
|9 68107
|a BRACUL
|b BRACUL
|c GEN
|d 2020-03-05
|e Complimentary copy from BIED
|l 0
|o 370.1528 DRI
|p 3010036056
|r 2020-03-05
|t 1
|w 2020-03-05
|y BK
|x Transferred from BIED to General Stacks
|